00333nam a2200121Ia 4500008004100000100003800041245003800079260003900117300000900156650002400165942000700189999001500196190216s9999||||xx |||||||||||||| ||und|| aPuri B.R & Sharma.L.R 0aPrinciples Of Inorganic Chemistry bShobhan Lal Nagin Chand & Coc1986 a1196 aChemistry-Chemistry cBK c2860d2860